[Event "Corsica Masters op 17th"]
[Site "Bastia"]
[Date "2013.10.19"]
[Round "2"]
[White "Le Diouron, Aurelie"]
[Black "Fedorchuk, Sergey A"]
[Result "0-1"]
[WhiteElo "1965"]
[BlackElo "2656"]
[PlyCount "54"]
[EventDate "2013.10.19"]
[EventType "swiss (rapid)"]
[EventRounds "9"]
[EventCountry "FRA"]
[SourceTitle "EXT 2014"]
[Source "ChessBase"]
[SourceDate "2013.11.20"]
[SourceVersion "1"]
[SourceVersionDate "2013.11.20"]
[SourceQuality "1"]

1. d4 Nf6 2. f3 d5 3. e4 dxe4 4. Nc3 exf3 5. Nxf3 Bf5 6. Ne5 e6 7. g4 Bg6 8. Qf3 c6 9. Be3 Bb4 10. Bd3 Nbd7 11. Bxg6 hxg6 12. 0-0 Qe7 13. Ne4 Nxe5 14. dxe5 Nxe4 15. Qxe4 Bc5 16. Rf2 Rd8 17. Raf1 0-0 18. Kh1 Bxe3 19. Qxe3 b5 20. Qg3 Rd5 21. h4 Qb4 22. Rf4 Qxb2 23. Qf3 Qxc2 24. Rxf7 Rxf7 25. Qxf7+ Kh7 26. Qf4 Qd3 27. h5 g5 0-1

[Event "FRA-chT Top 12"]
[Site "Belfort"]
[Date "2012.06.09"]
[Round "10.8"]
[White "Congiu, Mathilde"]
[Black "Le Diouron, Aurelie"]
[Result "1-0"]
[WhiteElo "2206"]
[BlackElo "1954"]
[PlyCount "69"]
[EventDate "2012.05.31"]
[EventType "team-tourn"]
[EventRounds "11"]
[EventCountry "FRA"]
[SourceTitle "CBM 148 Extra"]
[Source "ChessBase"]
[SourceDate "2012.06.22"]
[SourceVersion "1"]
[SourceVersionDate "2012.06.22"]
[SourceQuality "1"]
[WhiteTeam "Vandoeuvre"]
[BlackTeam "Guingamp"]
[WhiteTeamCountry "FRA"]
[BlackTeamCountry "FRA"]

1. e4 e5 2. Bc4 Nf6 3. d3 Nc6 4. Nf3 Bc5 5. c3 d6 6. b4 Bb6 7. a4 a6 8. 0-0 0-0 9. Nbd2 d5 10. exd5 Nxd5 11. Ne4 Bg4 12. h3 Bh5 13. Bg5 f6 14. Bd2 Kh8 15. Ng3 Bf7 16. Qb3 Qd7 17. a5 Ba7 18. Qa4 Rad8 19. b5 Nb8 20. Rfb1 axb5 21. Bxb5 c6 22. Bc4 Na6 23. d4 Rfe8 24. Bd3 Rb8 25. Qc2 Bg8 26. Bf5 Qc7 27. dxe5 fxe5 28. c4 Ne7 29. Bc3 Nxf5 30. Qxf5 Bd4 31. Nxd4 exd4 32. Bxd4 c5 33. Bc3 Rf8 34. Qg5 Qf7 35. Nf5 1-0

[Event "FRA-chT Top 12"]
[Site "Mulhouse"]
[Date "2011.05.29"]
[Round "4.8"]
[White "Le Diouron, Aurelie"]
[Black "Milliet, Sophie"]
[Result "1/2-1/2"]
[WhiteElo "1981"]
[BlackElo "2388"]
[PlyCount "85"]
[EventDate "2011.05.26"]
[EventType "team-tourn"]
[EventRounds "11"]
[EventCountry "FRA"]
[SourceTitle "CBM 142 Extra"]
[Source "ChessBase"]
[SourceDate "2011.06.27"]
[SourceVersion "1"]
[SourceVersionDate "2011.06.27"]
[SourceQuality "1"]
[WhiteTeam "Guingamp"]
[BlackTeam "Evry Grand Roque"]
[WhiteTeamCountry "FRA"]
[BlackTeamCountry "FRA"]

1. d4 Nf6 2. Nc3 d6 3. e4 e5 4. dxe5 dxe5 5. Qxd8+ Kxd8 6. Bc4 Ke8 7. Nf3 Bd6 8. Be3 a6 9. 0-0-0 h6 10. h3 Nbd7 11. a3 Nf8 12. Nh4 g6 13. f4 Be6 14. Bd5 Bxd5 15. exd5 exf4 16. Bd4 N8h7 17. Rhe1+ Kd7 18. Ne4 Be7 19. Nf3 Rhf8 20. Nc5+ Bxc5 21. Bxc5 Rfe8 22. Ne5+ Kc8 23. Nxf7 Rxe1 24. Rxe1 b6 25. Bd4 Nxd5 26. Re8+ Kb7 27. Rxa8 Kxa8 28. Nxh6 c5 29. Be5 g5 30. Ng4 c4 31. Kd2 Kb7 32. Ke2 Kc6 33. g3 fxg3 34. Bxg3 Kc5 35. Kf3 Nf8 36. Ne3 Nxe3 37. Kxe3 Kd5 38. Bc7 b5 39. Kf3 Ne6 40. Bb6 Ke5 41. Kg4 Kf6 42. Be3 Kg6 43. Bb6 1/2-1/2

[Event "FRA-chT Top 12"]
[Site "Mulhouse"]
[Date "2011.05.26"]
[Round "1.8"]
[White "Skripchenko, Almira"]
[Black "Le Diouron, Aurelie"]
[Result "1-0"]
[WhiteElo "2462"]
[BlackElo "1981"]
[PlyCount "51"]
[EventDate "2011.05.26"]
[EventType "team-tourn"]
[EventRounds "11"]
[EventCountry "FRA"]
[SourceTitle "CBM 142 Extra"]
[Source "ChessBase"]
[SourceDate "2011.06.27"]
[SourceVersion "1"]
[SourceVersionDate "2011.06.27"]
[SourceQuality "1"]
[WhiteTeam "Clichy Echecs 92"]
[BlackTeam "Guingamp"]
[WhiteTeamCountry "FRA"]
[BlackTeamCountry "FRA"]

1. e4 e5 2. Bc4 Nf6 3. d3 Nc6 4. Nf3 d6 5. Ng5 Be6 6. Nxe6 fxe6 7. Bxe6 Qe7 8. Bb3 0-0-0 9. c3 d5 10. exd5 Nxd5 11. 0-0 Qh4 12. Qf3 Nf4 13. Bxf4 exf4 14. d4 Kb8 15. Nd2 g5 16. Ne4 Bg7 17. Nc5 Rd6 18. Rfe1 Rf8 19. Be6 Ka8 20. b4 h5 21. b5 g4 22. Qe4 Nd8 23. Bc8 Rb6 24. Nd7 Re6 25. Bxb7+ Nxb7 26. Qxe6 1-0

[Event "FRA-chT Top 12 (Women) GpB"]
[Site "Sartrouville"]
[Date "2011.02.11"]
[Round "1.1"]
[White "Le Diouron, Aurelie"]
[Black "Choisy, Mathilde"]
[Result "0-1"]
[WhiteElo "1992"]
[BlackElo "2188"]
[PlyCount "74"]
[EventDate "2011.02.11"]
[EventType "team-tourn"]
[EventRounds "4"]
[EventCountry "FRA"]
[SourceTitle "EXT 2012"]
[Source "ChessBase"]
[SourceDate "2011.11.24"]
[SourceVersion "1"]
[SourceVersionDate "2011.11.24"]
[SourceQuality "1"]
[WhiteTeam "Guingamp (W)"]
[BlackTeam "Mulhouse (W)"]
[WhiteTeamCountry "FRA"]
[BlackTeamCountry "FRA"]

1. d4 d6 2. e4 Nf6 3. Nc3 e5 4. Bg5 Be7 5. Qd2 h6 6. Be3 Ng4 7. 0-0-0 Nxe3 8. fxe3 exd4 9. Qxd4 Bf6 10. Qd2 0-0 11. Nd5 Be5 12. Nf3 Nd7 13. Bc4 c6 14. Nc3 Qe7 15. Rhf1 b5 16. Bb3 a5 17. a4 b4 18. Ne2 Nf6 19. Ned4 Nxe4 20. Qe1 Bd7 21. Nxe5 Qxe5 22. Nf3 Qe7 23. Bc4 d5 24. Bd3 c5 25. Bxe4 dxe4 26. Nh4 Bxa4 27. Nf5 Qe5 28. Qh4 Bb5 29. Rf4 a4 30. Rd6 f6 31. Qg3 Ra7 32. Nxh6+ Kh7 33. Nf5 Kg8 34. Qg6 a3 35. Nh6+ Kh8 36. Rh4 axb2+ 37. Kd1 b1Q+ 0-1

[Event "FRA-chT1B 0809"]
[Site "France"]
[Date "2009.03.15"]
[Round "9.8"]
[White "Mousset Evtouchenko, Nina"]
[Black "Le Diouron, Aurelie"]
[Result "0-1"]
[WhiteElo "1798"]
[BlackElo "1974"]
[PlyCount "108"]
[EventDate "2008.10.19"]
[EventType "team-tourn"]
[EventRounds "11"]
[EventCountry "FRA"]
[SourceTitle "EXT 2010"]
[Source "ChessBase"]
[SourceDate "2010.11.25"]
[SourceVersion "1"]
[SourceVersionDate "2010.11.25"]
[SourceQuality "1"]
[WhiteTeam "Club 608"]
[BlackTeam "Guingamp"]
[WhiteTeamCountry "FRA"]
[BlackTeamCountry "FRA"]

1. d4 f5 2. Nc3 e6 3. e4 fxe4 4. Nxe4 Nf6 5. Bd3 g6 6. Nf3 Bg7 7. Nxf6+ Bxf6 8. Bh6 c5 9. c3 cxd4 10. Nxd4 a6 11. 0-0 Qe7 12. Qg4 Nc6 13. Nxc6 bxc6 14. Rfe1 e5 15. Qa4 Qc5 16. Qc2 Kf7 17. b4 Qb6 18. Kh1 d5 19. f3 a5 20. Rab1 Ba6 21. bxa5 Qxa5 22. c4 Rhb8 23. Bd2 Qd8 24. Bb4 Rb7 25. a3 Rc8 26. Rbd1 c5 27. Bd2 Rcb8 28. Bc1 d4 29. Be4 Rb3 30. Bd5+ Kg7 31. Qd2 Bb7 32. Qh6+ Kh8 33. Be4 Bxe4 34. fxe4 Qg8 35. Rf1 Bg7 36. Qh4 Qxc4 37. Qe7 R3b7 38. Qh4 Qe2 39. Rde1 Qc4 40. Bg5 Rf7 41. Rxf7 Qxf7 42. Kg1 c4 43. Rf1 Qa7 44. Be7 d3+ 45. Kh1 c3 46. Bb4 Qd4 47. Qh3 d2 48. Bxc3 d1Q 49. Bxd4 Qxf1+ 50. Bg1 Rb1 51. Qe3 Bf8 52. a4 Qc1 53. Qf2 Kg7 54. Qa7+ Kh6 0-1

[Event "FRA-chT1A 0708"]
[Site "France"]
[Date "2007.12.16"]
[Round "5.8"]
[White "Le Diouron, Aurelie"]
[Black "Chevalier, Nathalie"]
[Result "1-0"]
[WhiteElo "2022"]
[BlackElo "1499"]
[PlyCount "63"]
[EventDate "2007.10.21"]
[EventType "team"]
[EventRounds "11"]
[EventCountry "FRA"]
[SourceTitle "EXT 2009"]
[Source "ChessBase"]
[SourceDate "2008.11.26"]
[SourceVersion "1"]
[SourceVersionDate "2008.11.26"]
[SourceQuality "1"]
[WhiteTeam "Guingamp"]
[BlackTeam "Tours"]
[WhiteTeamCountry "FRA"]
[BlackTeamCountry "FRA"]

1. e4 e5 2. Nf3 Nc6 3. Bb5 Be7 4. 0-0 Nf6 5. Re1 0-0 6. Bxc6 dxc6 7. Nxe5 Bd6 8. Nf3 Re8 9. e5 Ng4 10. exd6 cxd6 11. Rxe8+ Qxe8 12. h3 Nf6 13. d4 Be6 14. Bf4 Rd8 15. Nbd2 Bd5 16. c4 Be4 17. Nxe4 Qxe4 18. Bg5 Re8 19. Bxf6 gxf6 20. Qe1 Kh8 21. Qxe4 Rxe4 22. Re1 Re6 23. Rxe6 fxe6 24. Kf1 Kg8 25. Ke2 Kf7 26. Ke3 f5 27. Ng5+ Kf6 28. Nxh7+ Kf7 29. Kf4 d5 30. cxd5 cxd5 31. Ke5 b5 32. Ng5+ 1-0

[Event "FRA-ch op-B"]
[Site "Aix les Bains"]
[Date "2007.08.20"]
[Round "7"]
[White "Le Diouron, Aurelie"]
[Black "Gonzalez, Maxime"]
[Result "1-0"]
[WhiteElo "1995"]
[BlackElo "1824"]
[PlyCount "59"]
[EventDate "2007.08.13"]
[EventType "swiss"]
[EventRounds "11"]
[EventCountry "FRA"]
[SourceTitle "CBM 120 Extra"]
[Source "ChessBase"]
[SourceDate "2007.11.01"]
[SourceVersion "1"]
[SourceVersionDate "2007.11.01"]
[SourceQuality "1"]

1. e4 e6 2. d4 d5 3. Nd2 Nf6 4. e5 Nfd7 5. Bd3 c5 6. c3 Nc6 7. Ndf3 Be7 8. Ne2 cxd4 9. cxd4 a5 10. 0-0 g5 11. Qd2 h6 12. Ne1 f5 13. exf6 Bxf6 14. Bg6+ Ke7 15. b3 b5 16. f4 g4 17. Bb2 h5 18. f5 Nf8 19. Nf4 exf5 20. Qe2+ Be6 21. Nc2 Rb8 22. Bxf5 Qd6 23. Rae1 Nd8 24. Bxe6 Ndxe6 25. Ne3 Nxf4 26. Nxd5+ Kf7 27. Rxf4 Qxd5 28. Qe7+ Kg8 29. Qxf6 Qd8 30. Qf7# 1-0

[Event "FRA-ch op-B"]
[Site "Aix les Bains"]
[Date "2007.08.14"]
[Round "1"]
[White "Le Diouron, Aurelie"]
[Black "Cloarec, Audrey"]
[Result "1-0"]
[WhiteElo "1995"]
[BlackElo "1875"]
[PlyCount "75"]
[EventDate "2007.08.13"]
[EventType "swiss"]
[EventRounds "11"]
[EventCountry "FRA"]
[SourceTitle "CBM 120 Extra"]
[Source "ChessBase"]
[SourceDate "2007.11.01"]
[SourceVersion "1"]
[SourceVersionDate "2007.11.01"]
[SourceQuality "1"]

1. e4 g6 2. d4 Bg7 3. Nc3 d6 4. Be3 Nf6 5. f3 0-0 6. Qd2 e5 7. d5 Ne8 8. 0-0-0 f5 9. Bh6 Nf6 10. exf5 Bxf5 11. g4 Bxh6 12. Qxh6 Bxg4 13. fxg4 Nxg4 14. Qd2 Nf2 15. Bh3 Qh4 16. Be6+ Kg7 17. Rf1 Na6 18. Nge2 Nxh1 19. Rxh1 Rf2 20. Qe1 Raf8 21. Kb1 Qh5 22. Ng3 Qh4 23. Nce4 R2f4 24. Qe2 Nc5 25. Nxc5 Rf2 26. Qb5 Rxh2 27. Rc1 Qxg3 28. Qd7+ Kh6 29. Qe7 Rf4 30. Nd3 Rf3 31. Bg8 a6 32. Qxh7+ Kg5 33. Qxc7 Rxd3 34. Qe7+ Kh5 35. cxd3 Qxd3+ 36. Ka1 Qg3 37. Qxd6 Qg2 38. Qxe5+ 1-0

[Event "Breizh Masters (Women) 5th"]
[Site "Guingamp"]
[Date "2007.02.24"]
[Round "9"]
[White "Chulivska, Vita"]
[Black "Le Diouron, Aurelie"]
[Result "1-0"]
[WhiteElo "2208"]
[BlackElo "2021"]
[PlyCount "49"]
[EventDate "2007.02.16"]
[EventType "tourn"]
[EventRounds "9"]
[EventCountry "FRA"]
[SourceTitle "CBM 116 Extra"]
[Source "ChessBase"]
[SourceDate "2007.03.07"]
[SourceVersion "1"]
[SourceVersionDate "2007.03.07"]
[SourceQuality "1"]

1. e4 c5 2. Nf3 Nc6 3. d4 cxd4 4. Nxd4 Nf6 5. Nc3 e5 6. Ndb5 d6 7. Bg5 a6 8. Na3 b5 9. Nd5 Be7 10. Bxf6 Bxf6 11. c3 Ne7 12. Nxf6+ gxf6 13. Qf3 f5 14. exf5 Bxf5 15. 0-0-0 Rc8 16. Bd3 Be6 17. Kb1 f5 18. Qh5+ Bf7 19. Qh6 Qb6 20. Rde1 Rc6 21. Nc2 a5 22. Nd4 b4 23. Bb5 bxc3 24. Qxd6 0-0 25. Nxc6 1-0

[Event "Breizh Masters (Women) 5th"]
[Site "Guingamp"]
[Date "2007.02.22"]
[Round "7"]
[White "Hrabinska, Myroslava"]
[Black "Le Diouron, Aurelie"]
[Result "1-0"]
[WhiteElo "2294"]
[BlackElo "2021"]
[PlyCount "77"]
[EventDate "2007.02.16"]
[EventType "tourn"]
[EventRounds "9"]
[EventCountry "FRA"]
[SourceTitle "CBM 116 Extra"]
[Source "ChessBase"]
[SourceDate "2007.03.07"]
[SourceVersion "1"]
[SourceVersionDate "2007.03.07"]
[SourceQuality "1"]

1. e4 c5 2. Nc3 a6 3. g3 b5 4. Bg2 Bb7 5. d3 e6 6. Nf3 d6 7. Be3 Nf6 8. 0-0 Be7 9. Ne1 Nc6 10. f4 d5 11. exd5 exd5 12. Bf2 h5 13. a3 Qd6 14. Qd2 0-0 15. h3 b4 16. axb4 Nxb4 17. d4 cxd4 18. Bxd4 Nc6 19. Bf2 d4 20. Ne4 Nxe4 21. Bxe4 Qe6 22. Bg2 Bb4 23. Qd1 Rfd8 24. Qxh5 Qc4 25. Nd3 Be7 26. Ne5 Nxe5 27. Bxb7 Ra7 28. Be4 Ng6 29. Bxg6 fxg6 30. Qxg6 Rb7 31. b3 Qc8 32. Rfd1 Rd6 33. Qd3 Rbb6 34. Ra4 Qxh3 35. Rxd4 Rh6 36. Qf3 Rbe6 37. Qg2 Qf5 38. Rc4 Re2 39. Qd5+ 1-0

[Event "Breizh Masters (Women) 5th"]
[Site "Guingamp"]
[Date "2007.02.17"]
[Round "2"]
[White "Andersson, Christin"]
[Black "Le Diouron, Aurelie"]
[Result "1-0"]
[WhiteElo "2225"]
[BlackElo "2021"]
[PlyCount "95"]
[EventDate "2007.02.16"]
[EventType "tourn"]
[EventRounds "9"]
[EventCountry "FRA"]
[SourceTitle "CBM 116 Extra"]
[Source "ChessBase"]
[SourceDate "2007.03.07"]
[SourceVersion "1"]
[SourceVersionDate "2007.03.07"]
[SourceQuality "1"]

1. e4 c5 2. Nf3 e6 3. d4 cxd4 4. Nxd4 Nc6 5. Be3 a6 6. Nxc6 bxc6 7. Bd3 d5 8. 0-0 Bd6 9. f4 Ne7 10. Nd2 Rb8 11. b3 Qa5 12. Kh1 c5 13. Nf3 Bb7 14. e5 Bc7 15. Ng5 g6 16. Qe2 h6 17. Nf3 Nf5 18. Bd2 Qb6 19. c4 d4 20. Rab1 a5 21. a3 Ne7 22. b4 axb4 23. axb4 cxb4 24. Bxb4 Qa7 25. Bd2 Bc6 26. Be4 Kd7 27. Qd3 Bxe4 28. Qxe4 Rxb1 29. Rxb1 Nc6 30. Be1 Bb6 31. Bf2 Kc7 32. g4 Rd8 33. Kg2 Qa2 34. Qd3 Ra8 35. Rxb6 Kxb6 36. Nxd4 Nxd4 37. Qxd4+ Kc7 38. Qd6+ Kb7 39. Qd7+ Kb8 40. Qe8+ Kc7 41. Qxf7+ Kb8 42. Qe8+ Kc7 43. Qe7+ Kb8 44. Qd8+ Kb7 45. Qb6+ Kc8 46. Qxe6+ Kc7 47. Qd6+ Kb7 48. c5 1-0